000 05752cam a2200985 4500
999 _c371266
_d371266
001 774829486
003 DE-627
005 20220104131846.0
007 tu
008 131218s2016 gw ||||| 10| ||ger c
015 _a13,N51
_2dnb
016 7 _a1045041653
_2DE-101
020 _a3412222720
_c : Gb. : ca. EUR 27.90 (DE)
020 _a9783412222727
_cGb. : ca. EUR 27.90 (DE), ca. EUR 28.70 (AT), ca. sfr 38.50 (freier Pr.)
024 3 _a9783412222727
035 _a(DE-627)774829486
035 _a(DE-576)461130505
035 _a(DE-599)DNB1045041653
035 _a(OCoLC)944958549
035 _a(OCoLC)944958549
035 _a(DE-101)1045041653
040 _aDE-627
_bger
_cDE-627
_erda
_dDE-2950
041 _ager
_afre
044 _cXA-DE-NW
_cXA-DE-TH
_cXA-AT-9
050 0 _aHT153
082 0 _a711
082 0 _a900
082 0 4 _a300
_qDNB
082 0 4 _a900
084 _aMS 1720
_qBVB
_2rvk
_0(DE-625)rvk/123611:
084 _aNR 1850
_2rvk
_0(DE-625)rvk/129181:
084 _aNR 1800
_2rvk
_0(DE-625)rvk/129177:
084 _aLB 73000
_2rvk
_0(DE-625)rvk/90590:772
084 _a74.61
_2bkl
084 _a74.12
_2bkl
084 _a15.45
_2bkl
090 _aa
245 1 0 _aUrbanität :
_bFormen der Inszenierung in Texten, Karten, Bildern /
_cherausgegeben von Martina Stercken und Ute Schneider.
263 _a201405
264 1 _aKöln;
_aWeimar;
_aWien:
_bBöhlau Verlag GmbH,
_c2016.
300 _a252 Seiten:
_bIllustrationen, Karten.
_c240 mm x 170 mm
336 _aText
_btxt
_2rdacontent
337 _aohne Hilfsmittel zu benutzen
_bn
_2rdamedia
338 _aBand
_bnc
_2rdacarrier
490 1 _aStädteforschung
_aReihe A, Darstellungen
_vBand 90
505 8 0 _tVorwort ; Adressen der Autoren ; Verzeichnis der Abkürzungen und Siglen ; Urbanität. Formen der Inszenierung
_rMartina Stercken und Ute Schneider
505 8 0 _tUrbanität : Stadtbilder vom Spätmittelalter bis in die Frühe Neuzeit
_rGerhard Fouquet
505 8 0 _t'Wissenschaft' und 'Unmoral' in den mittelalterlichen Vorstellungen von der Bildungsmetropole Paris
_rFrank Rexroth
505 8 0 _tBehauptete Städte : Urbanisierung und Urbanität in Texten adliger Herr- schaftspraxis aus dem Oberelsass um 1300
_rGabriel Zeilinger
505 8 0 _tDas Konzil im Gedächtnis der Stadt : die Verhandlung von Wissen über die Vergangenheit in der städtischen Geschichtsschreibung am Oberrhein im 15. und 16. Jahrhundert
_rPia Eckhart und Birgit Studt
505 8 0 _tDie Stadt im Buch : die Konstruktion städtischer Ordnung am Beispiel früh- neuzeitlicher Beschreibungen Neapels
_rTanja Michalsky
505 8 0 _tDer Festungsbau als Initiator des Stadtplanes : zur Entwicklung der Wiener Stadtpläne im 16. Jahrhundert
_rFerdinand Opll
505 8 0 _tMaschinen, Rhythmen und Texturen : Berlin : die Sinfonie der Gross-Stadt von Walter Ruttmann : die filmische Imagination einer Metropole
_rJörg Schweinitz
505 8 0 _tText : Spektakel : Praxis : Begriffliche Konjunkturen kulturwissenschaftlicher Stadtforschung
_rJulika Griem
505 8 0 _tZur literarischen Modellierung von Urbanität und urbaner Komplexität : Li-teraturwissenschaft im Kontext disziplinenübergreifender Stadtforschung
_rJens Martin Gurr
505 8 0 _tVisions d'urbanité et paysages sensoriels : le concours Europan en France
_rEnrico Chapel
505 8 0 _tFarbtafeln ; Index der Orts- und Personennamen.
520 _aUrbanität wird von den Autorinnen und Autoren dieses Bandes weniger im Sinne des schillernden Begriffs verstanden, der seit der Antike als Chiffre für kultivierte Lebensart und Rhetorik und in der Gegenwart vor allem für verdichtete Bebauung verwendet wird, sondern vielmehr für die medialen Formen und Strategien, in denen Urbanität inszeniert und Eigenarten des Urbanen akzentuiert werden. Ausgegangen wird von einem kulturgeschichtlichen Medienbegriff, der nach den kulturellen Bedingungen von Sinnstiftung fragt und auch Prozesse der Vermittlung in der Zeit vor dem Buchdruck und den Massenmedien einbezieht. Der Band enthält Beiträge aus den Bereichen Geschichte, Kunstgeschichte, Romanistik, Anglistik und Medienwissenschaft
650 0 _aCities and towns
_vCongresses
650 0 _aCities and towns in art
_vCongresses
650 4 _aKongreß
650 4 _aEuropa
650 4 _aStadt
650 4 _aUrbanität
650 4 _aRepräsentation
655 7 _aAufsatzsammlung
_0(DE-588)4143413-4
_0(DE-627)105605727
_0(DE-576)209726091
_2gnd-content
655 7 _aKonferenzschrift
_y2012
_zMünster (Westf)
_0(DE-588)1071861417
_0(DE-627)826484824
_0(DE-576)433375485
_2gnd-content
951 _aBO
700 1 _aStercken, Martina
_eHerausgeberIn
_0(DE-588)1033753211
_0(DE-627)742466558
_0(DE-576)381409422
_4edt
700 1 _aSchneider, Ute
_d1960-
_eHerausgeberIn
_0(DE-588)124998062
_0(DE-627)369634802
_0(DE-576)29461138X
_4edt
776 1 _z9783412216894
776 0 8 _iErscheint auch als
_nOnline-Ausgabe
_tUrbanität
_dKöln : Böhlau Verlag, 2016
_h1 Online-Ressource (252 Seiten)
_w(DE-627)854149813
_w(DE-576)405401264
_z9783412216894
830 0 _aStädteforschung / A
_vBand 90
_990
_w(DE-627)130159506
_w(DE-576)015701735
_w(DE-600)517592-6
_x2748-4564
856 4 2 _uhttp://deposit.d-nb.de/cgi-bin/dokserv?id=4535447&prov=M&dok_var=1&dok_ext=htm
_mX: MVB
_qtext/html
_v2013-12-18
_3Inhaltstext
856 4 2 _uhttp://d-nb.info/1045041653/04
_mB:DE-101
_qpdf/application
_v20160328003402
_3Inhaltsverzeichnis
856 4 2 _uhttps://www.hsozkult.de/publicationreview/id/rezbuecher-26177
_mV:DE-576;X:HSozKult
_qtext/html
_v20180423102102
_3Rezension
936 r v _aMS 1720
936 r v _aNR 1850
936 r v _aNR 1800
936 r v _aLB 73000
936 b k _a74.61
936 b k _a74.12
936 b k _a15.45
942 _2z
_cB